[Event "Liga Madrileña - DH 2018-2019"]
[Site "Madrid ESP"]
[Date "2018.12.02"]
[Round "3.3"]
[White "Moreno Ruiz, Javier"]
[Black "Garcia Dorado, Alberto"]
[Result "1/2-1/2"]
[WhiteElo "2450"]
[BlackElo "2221"]
[PlyCount "140"]
[EventDate "2018.11.18"]
[EventType "team-tourn"]
[EventRounds "14"]
[EventCountry "ESP"]
[SourceTitle "Ajedrez en Madrid"]
[Source "lmi"]
[SourceDate "2018.11.18"]
[SourceVersion "1"]
[SourceVersionDate "2019.04.02"]
[SourceQuality "1"]
[WhiteTeam "Collado Villalba"]
[BlackTeam "Alcorcon"]
[WhiteTeamCountry "ESP"]
[BlackTeamCountry "ESP"]

1. d4 d5 2. Bf4 Nf6 3. e3 c5 4. c3 Nc6 5. Nd2 e6 6. Ngf3 Bd6 7. Bg3 O-O 8. Bd3
b6 9. Qe2 Bb7 10. Rd1 Ne7 11. e4 c4 12. Bc2 Nxe4 13. Nxe4 dxe4 14. Ng5 Bd5 15.
Qh5 h6 16. Nxe4 Nf5 17. Nxd6 Nxd6 18. O-O Ne4 19. Bf4 f5 20. Rfe1 Qe8 21. Qxe8
Rfxe8 22. f3 Nf6 23. Kf2 b5 24. h3 h5 25. Kg3 a5 26. Be5 Kf7 27. h4 a4 28. Bd6
Red8 29. Bc5 Rdc8 30. Kf4 g6 31. Rf1 Rc6 32. Rde1 Rca6 33. Ba3 Rc6 34. Bb4 Rca6
35. Ke3 Rg8 36. Kf4 Rga8 37. Rf2 Rh8 38. Ke3 Rg8 39. Rh1 g5 40. hxg5 Rxg5 41.
Kf4 Rg6 42. Rh4 Rg8 43. Ke3 Ke8 44. Bd1 Rc6 45. Be2 Kd7 46. Rh1 Rc7 47. Kf4 Kc6
48. Re1 Rcg7 49. Bf1 h4 50. Ke3 Nh5 51. b3 cxb3 52. axb3 Bxb3 53. Rc1 Bc4 54.
Bxc4 bxc4 55. Rcc2 f4+ 56. Ke4 Rf7 57. Rcd2 Rg5 58. d5+ exd5+ 59. Kd4 Ng3 60.
Ra2 Ra7 61. Rfb2 Rg6 62. Ke5 Rf7 63. Rxa4 Rf5+ 64. Kd4 Re6 65. Ra6+ Kd7 66.
Rxe6 Kxe6 67. Ra2 Rg5 68. Ra6+ Kf7 69. Ra7+ Kf6 70. Ra6+ Kf7 1/2-1/2

[Event "Liga Madrileña - DH 2018-2019"]
[Site "Madrid ESP"]
[Date "2018.12.02"]
[Round "3.4"]
[White "Medina Riesgo, Pedro"]
[Black "Suarez Uriel, Adrian"]
[Result "0-1"]
[WhiteElo "2149"]
[BlackElo "2386"]
[PlyCount "97"]
[EventDate "2018.11.18"]
[EventType "team-tourn"]
[EventRounds "14"]
[EventCountry "ESP"]
[SourceTitle "Ajedrez en Madrid"]
[Source "lmi"]
[SourceDate "2018.11.18"]
[SourceVersion "1"]
[SourceVersionDate "2019.04.02"]
[SourceQuality "1"]
[WhiteTeam "Alcorcon"]
[BlackTeam "Collado Villalba"]
[WhiteTeamCountry "ESP"]
[BlackTeamCountry "ESP"]

1. e4 c5 2. Nf3 Nc6 3. d3 g6 4. g3 Bg7 5. Bg2 d6 6. O-O e5 7. c3 Nge7 8. Nbd2
O-O 9. a4 h6 10. Nc4 Be6 11. Ne1 f5 12. exf5 gxf5 13. f4 e4 14. Ne3 d5 15. g4
fxg4 16. dxe4 dxe4 17. Qxd8 Raxd8 18. Bxe4 h5 19. N1g2 Nf5 20. Nxf5 Bxf5 21.
Bxf5 Rxf5 22. Be3 c4 23. Rae1 a6 24. Bb6 Rdf8 25. Re4 Bh6 26. Be3 b5 27. Rd1
Rd8 28. Rxd8+ Nxd8 29. axb5 axb5 30. Re8+ Rf8 31. Re5 h4 32. Bc5 Bg7 33. Bxf8
Bxe5 34. Be7 Bc7 35. Bxh4 Ne6 36. f5 Nc5 37. Ne3 Nd3 38. Nxg4 Nxb2 39. Be7 Kf7
40. f6 Nd3 41. h4 b4 42. Nh6+ Ke6 43. Kf1 b3 44. Ba3 Bd6 45. Bxd6 b2 46. f7
b1=Q+ 47. Kg2 Qc2+ 48. Kf3 Qf2+ 49. Ke4 0-1

[Event "Liga Madrileña - DH 2018-2019"]
[Site "Madrid ESP"]
[Date "2018.12.02"]
[Round "3.5"]
[White "Martin Duque, Jesus"]
[Black "Cabrejos Tovar, Jose"]
[Result "1-0"]
[WhiteElo "2354"]
[BlackElo "2171"]
[PlyCount "83"]
[EventDate "2018.11.18"]
[EventType "team-tourn"]
[EventRounds "14"]
[EventCountry "ESP"]
[SourceTitle "Ajedrez en Madrid"]
[Source "lmi"]
[SourceDate "2018.11.18"]
[SourceVersion "1"]
[SourceVersionDate "2019.04.02"]
[SourceQuality "1"]
[WhiteTeam "Collado Villalba"]
[BlackTeam "Alcorcon"]
[WhiteTeamCountry "ESP"]
[BlackTeamCountry "ESP"]

1. d4 f5 2. c4 Nf6 3. Nc3 g6 4. h4 Bg7 5. h5 O-O 6. hxg6 hxg6 7. Nf3 e6 8. Bg5
Qe8 9. Qd3 Ng4 10. e4 a6 11. e5 c5 12. dxc5 Nc6 13. Qd2 Ncxe5 14. Nxe5 Nxe5 15.
O-O-O Nf7 16. Be3 Qe7 17. Be2 Rd8 18. Bd4 e5 19. Nd5 Qf8 20. Bc3 d6 21. cxd6
Nxd6 22. Qg5 Kf7 23. Rh7 Ne4 24. Rxg7+ Kxg7 25. Bxe5+ Kf7 26. Qh4 Rxd5 27. Qh7+
Ke8 28. Qxg6+ Qf7 29. Qxf7+ Kxf7 30. cxd5 Nxf2 31. Rf1 Ne4 32. g4 Bd7 33. Bd3
Rc8+ 34. Kd1 Kg6 35. Bd4 Kg5 36. Rg1 Kf4 37. gxf5 Bxf5 38. Rf1+ Kg5 39. Be3+
Kg6 40. Rg1+ Kf6 41. Bd4+ Ke7 42. Bxe4 1-0

[Event "Liga Madrileña - DH 2018-2019"]
[Site "Madrid ESP"]
[Date "2018.12.02"]
[Round "3.6"]
[White "Prada Lopez, Miguel Angel"]
[Black "Quispe Arteaga, Gabriel"]
[Result "0-1"]
[WhiteElo "2091"]
[BlackElo "2354"]
[PlyCount "64"]
[EventDate "2018.11.18"]
[EventType "team-tourn"]
[EventRounds "14"]
[EventCountry "ESP"]
[SourceTitle "Ajedrez en Madrid"]
[Source "lmi"]
[SourceDate "2018.11.18"]
[SourceVersion "1"]
[SourceVersionDate "2019.04.02"]
[SourceQuality "1"]
[WhiteTeam "Alcorcon"]
[BlackTeam "Collado Villalba"]
[WhiteTeamCountry "ESP"]
[BlackTeamCountry "ESP"]

1. Nf3 d5 2. c4 e6 3. cxd5 exd5 4. g3 Nf6 5. Bg2 Bd6 6. O-O O-O 7. d4 c6 8. Nc3
Re8 9. Qc2 Na6 10. a3 b5 11. b4 h6 12. Bf4 Bxf4 13. gxf4 Nc7 14. Ne5 Ng4 15.
Qd3 Nxe5 16. fxe5 a5 17. e4 Be6 18. exd5 Bxd5 19. Nxd5 Nxd5 20. Qd2 Re6 21.
Rac1 axb4 22. axb4 Ra4 23. f4 Nxb4 24. f5 Rxe5 25. f6 Rg5 26. Ra1 Rxa1 27. Rxa1
Nd5 28. fxg7 Kxg7 29. Rf1 Qe7 30. Rf3 Qb4 31. Qd1 Qb2 32. Rf2 Rxg2+ 0-1

[Event "Liga Madrileña - DH 2018-2019"]
[Site "Madrid ESP"]
[Date "2018.12.02"]
[Round "3.1"]
[White "Espinosa Aranda, Angel"]
[Black "Martinez Reyes, Pedro Ramon"]
[Result "1/2-1/2"]
[WhiteElo "2477"]
[BlackElo "2408"]
[PlyCount "35"]
[EventDate "2018.11.18"]
[EventType "team-tourn"]
[EventRounds "14"]
[EventCountry "ESP"]
[SourceTitle "Ajedrez en Madrid"]
[Source "lmi"]
[SourceDate "2018.11.18"]
[SourceVersion "1"]
[SourceVersionDate "2019.04.02"]
[SourceQuality "1"]
[WhiteTeam "Virgen de Atocha"]
[BlackTeam "Blanco y Negro"]
[WhiteTeamCountry "ESP"]
[BlackTeamCountry "ESP"]

1. e4 e6 2. d4 d5 3. Nd2 c5 4. Ngf3 cxd4 5. exd5 Qxd5 6. Bc4 Qd8 7. O-O Nc6 8.
Nb3 a6 9. a4 Nf6 10. Qe2 Be7 11. Rd1 Qc7 12. Nbxd4 Bd7 13. Nxc6 Bxc6 14. Ne5
Bd5 15. Bd3 Bd6 16. Bf4 Nd7 17. c4 Bf3 18. Nxf3 1/2-1/2

[Event "Liga Madrileña - DH 2018-2019"]
[Site "Madrid ESP"]
[Date "2018.12.02"]
[Round "3.2"]
[White "Bolado Saez, Sergio"]
[Black "Almagro Llamas, Pablo"]
[Result "0-1"]
[WhiteElo "2365"]
[BlackElo "2452"]
[PlyCount "52"]
[EventDate "2018.11.18"]
[EventType "team-tourn"]
[EventRounds "14"]
[EventCountry "ESP"]
[SourceTitle "Ajedrez en Madrid"]
[Source "lmi"]
[SourceDate "2018.11.18"]
[SourceVersion "1"]
[SourceVersionDate "2019.04.02"]
[SourceQuality "1"]
[WhiteTeam "Blanco y Negro"]
[BlackTeam "Virgen de Atocha"]
[WhiteTeamCountry "ESP"]
[BlackTeamCountry "ESP"]

1. d4 Nf6 2. c4 e6 3. Nf3 Bb4+ 4. Nbd2 b6 5. a3 Bxd2+ 6. Qxd2 Ba6 7. e3 d5 8.
b3 O-O 9. Bb2 c5 10. Be2 dxc4 11. bxc4 Nc6 12. Rd1 cxd4 13. exd4 Na5 14. Qb4
Rc8 15. Rc1 Ne4 16. O-O Nd6 17. Ne5 f6 18. Bg4 Nf5 19. d5 fxe5 20. dxe6 Qg5 21.
Bxf5 Qxf5 22. e7 Rfe8 23. Rfe1 Nxc4 24. Ba1 Qf7 25. Qa4 Bb7 26. Qxa7 Qd5 0-1

[Event "Liga Madrileña - DH 2018-2019"]
[Site "Madrid ESP"]
[Date "2018.12.02"]
[Round "3.3"]
[White "Plazuelo Pascual, Juan"]
[Black "Alarcia Astiz, Carlos"]
[Result "1/2-1/2"]
[WhiteElo "2416"]
[BlackElo "2275"]
[PlyCount "43"]
[EventDate "2018.11.18"]
[EventType "team-tourn"]
[EventRounds "14"]
[EventCountry "ESP"]
[SourceTitle "Ajedrez en Madrid"]
[Source "lmi"]
[SourceDate "2018.11.18"]
[SourceVersion "1"]
[SourceVersionDate "2019.04.02"]
[SourceQuality "1"]
[WhiteTeam "Virgen de Atocha"]
[BlackTeam "Blanco y Negro"]
[WhiteTeamCountry "ESP"]
[BlackTeamCountry "ESP"]

1. d4 Nf6 2. c4 e6 3. Nf3 Bb4+ 4. Nbd2 c5 5. dxc5 Bxc5 6. e3 O-O 7. Bd3 Nc6 8.
a3 a5 9. b3 d5 10. Qc2 d4 11. Ne4 Nxe4 12. Bxe4 h6 13. O-O dxe3 14. Bxe3 Bxe3
15. fxe3 Qc7 16. Rad1 Bd7 17. c5 Ne7 18. Rd6 Bb5 19. Rfd1 Rac8 20. a4 Be8 21.
Rc1 Bc6 22. Bxc6 1/2-1/2

[Event "Liga Madrileña - DH 2018-2019"]
[Site "Madrid ESP"]
[Date "2018.12.02"]
[Round "3.4"]
[White "Renteria Becerra, Jorge Elicer"]
[Black "Martinez Martin, David"]
[Result "0-1"]
[WhiteElo "2224"]
[BlackElo "2413"]
[PlyCount "134"]
[EventDate "2018.11.18"]
[EventType "team-tourn"]
[EventRounds "14"]
[EventCountry "ESP"]
[SourceTitle "Ajedrez en Madrid"]
[Source "lmi"]
[SourceDate "2018.11.18"]
[SourceVersion "1"]
[SourceVersionDate "2019.04.02"]
[SourceQuality "1"]
[WhiteTeam "Blanco y Negro"]
[BlackTeam "Virgen de Atocha"]
[WhiteTeamCountry "ESP"]
[BlackTeamCountry "ESP"]

1. e4 c5 2. Nf3 d6 3. d4 cxd4 4. Nxd4 Nf6 5. Nc3 g6 6. Be3 Bg7 7. h3 O-O 8. Bc4
a6 9. O-O b5 10. Bb3 Bb7 11. Re1 Nbd7 12. Bg5 Nc5 13. Nd5 Re8 14. f3 Nxb3 15.
axb3 Nxd5 16. exd5 Bxd5 17. Nf5 Qb6+ 18. Be3 Qc6 19. Nxg7 Kxg7 20. Qd4+ f6 21.
Rad1 Bf7 22. Qh4 Qxc2 23. Rc1 Qf5 24. Bh6+ Kg8 25. Rc7 g5 26. Qe4 Qxe4 27. Rxe4
e5 28. Re1 d5 29. Rec1 d4 30. Kf2 f5 31. Rd7 Rac8 32. Bxg5 Rxc1 33. Bxc1 Bxb3
34. Bg5 Re6 35. f4 h6 36. Bh4 exf4 37. Rxd4 Bc4 38. Kf3 Bf1 39. b4 Rg6 40. Kxf4
Rxg2 41. Kxf5 Rg7 42. Rd8+ Kh7 43. Re8 Bxh3+ 44. Kf6 h5 45. Bf2 Rg6+ 46. Kf7
Bf1 47. Re5 Bc4+ 48. Ke7 Rg2 49. Be3 Kg6 50. Rc5 h4 51. Rc6+ Kf5 52. Bb6 h3 53.
Rf6+ Kg4 54. Rg6+ Kf3 55. Rh6 Rg7+ 56. Kf6 Rb7 57. Bd4 Rf7+ 58. Kg6 Rd7 59. Be5
Bd3+ 60. Kg5 Kg2 61. Rh4 Be2 62. Rh6 Rd8 63. Kf5 Bd3+ 64. Kf6 Rf8+ 65. Ke6 Re8+
66. Kd5 Rxe5+ 67. Kxe5 h2 0-1

[Event "Liga Madrileña - DH 2018-2019"]
[Site "Madrid ESP"]
[Date "2018.12.02"]
[Round "3.5"]
[White "Cabrera Trujillo, Jorge Juan"]
[Black "Hidalgo Duque, Carlos"]
[Result "1/2-1/2"]
[WhiteElo "2327"]
[BlackElo "2235"]
[PlyCount "47"]
[EventDate "2018.11.18"]
[EventType "team-tourn"]
[EventRounds "14"]
[EventCountry "ESP"]
[SourceTitle "Ajedrez en Madrid"]
[Source "lmi"]
[SourceDate "2018.11.18"]
[SourceVersion "1"]
[SourceVersionDate "2019.04.02"]
[SourceQuality "1"]
[WhiteTeam "Virgen de Atocha"]
[BlackTeam "Blanco y Negro"]
[WhiteTeamCountry "ESP"]
[BlackTeamCountry "ESP"]

1. Nf3 Nf6 2. g3 e6 3. Bg2 c5 4. c4 Nc6 5. O-O d5 6. cxd5 exd5 7. d4 Be7 8. Nc3
O-O 9. Bf4 c4 10. Re1 Bf5 11. h3 h6 12. Ne5 Rc8 13. g4 Be6 14. e3 Re8 15. Bg3
Nh7 16. f4 f6 17. Ng6 Bb4 18. f5 Bf7 19. Nf4 Bxc3 20. bxc3 Ng5 21. Rb1 b6 22.
Rb5 Ne4 23. Ne6 Rxe6 24. fxe6 1/2-1/2

[Event "Liga Madrileña - DH 2018-2019"]
[Site "Madrid ESP"]
[Date "2018.12.02"]
[Round "3.6"]
[White "Alba Linero, Emilio"]
[Black "Aguilera Lopez, Alejandro"]
[Result "0-1"]
[WhiteElo "2170"]
[BlackElo "2198"]
[PlyCount "130"]
[EventDate "2018.11.18"]
[EventType "team-tourn"]
[EventRounds "14"]
[EventCountry "ESP"]
[SourceTitle "Ajedrez en Madrid"]
[Source "lmi"]
[SourceDate "2018.11.18"]
[SourceVersion "1"]
[SourceVersionDate "2019.04.02"]
[SourceQuality "1"]
[WhiteTeam "Blanco y Negro"]
[BlackTeam "Virgen de Atocha"]
[WhiteTeamCountry "ESP"]
[BlackTeamCountry "ESP"]

1. e4 c5 2. Nf3 e6 3. d3 Nc6 4. g3 g6 5. Bg2 Bg7 6. O-O Nge7 7. c3 d5 8. Nbd2
O-O 9. Re1 a5 10. a4 d4 11. Qc2 dxc3 12. bxc3 Nb4 13. cxb4 Bxa1 14. bxc5 Bg7
15. Nc4 Nc6 16. Nb6 Rb8 17. Bd2 e5 18. Rb1 Bg4 19. Ne1 Qe7 20. Qc3 Rfd8 21. Nc2
Be6 22. Kf1 f5 23. Ne3 f4 24. Ned5 Qf7 25. Ke1 Rf8 26. gxf4 exf4 27. Qc4 Ne5
28. Qb5 f3 29. Bf1 Ng4 30. h3 Rbe8 31. hxg4 Bxd5 32. Nxd5 Qxd5 33. Be3 Rxe4 34.
c6 Qxb5 35. axb5 Ree8 36. c7 Bd4 37. Kd2 Bxe3+ 38. fxe3 b6 39. Rc1 Rc8 40. d4
Kg7 41. d5 Rf7 42. d6 Rd7 43. Rc6 Kf6 44. g5+ Kxg5 45. Bh3 Rcxc7 46. Rxc7 Rxd6+
47. Ke1 Kh4 48. Bf1 Kg3 49. Rxh7 a4 50. Ra7 Re6 51. Rxa4 Rxe3+ 52. Kd2 Re5 53.
Rd4 g5 54. Rd6 g4 55. Rxb6 Kf2 56. Bd3 g3 57. Rg6 g2 58. Kc3 g1=Q 59. Rxg1 Kxg1
60. Kd4 Re8 61. Bc4 Rc8 62. b6 Rxc4+ 63. Kxc4 f2 64. b7 f1=Q+ 65. Kc5 Qf8+ 0-1

[Event "Liga Madrileña - DH 2018-2019"]
[Site "Madrid ESP"]
[Date "2018.12.02"]
[Round "3.1"]
[White "Reyes Larena, Juan"]
[Black "Garrido Olivares, Ricard"]
[Result "1/2-1/2"]
[WhiteElo "2446"]
[BlackElo "2147"]
[PlyCount "52"]
[EventDate "2018.11.18"]
[EventType "team-tourn"]
[EventRounds "14"]
[EventCountry "ESP"]
[SourceTitle "Ajedrez en Madrid"]
[Source "lmi"]
[SourceDate "2018.11.18"]
[SourceVersion "1"]
[SourceVersionDate "2019.04.02"]
[SourceQuality "1"]
[WhiteTeam "San Sebastian de los Reyes"]
[BlackTeam "San Fernando de Henares"]
[WhiteTeamCountry "ESP"]
[BlackTeamCountry "ESP"]

1. e4 c6 2. d4 d5 3. e5 Bf5 4. h4 h5 5. Bd3 Bxd3 6. Qxd3 e6 7. Bg5 Be7 8. Nf3
Nh6 9. Nbd2 Nf5 10. g3 Nd7 11. c4 dxc4 12. Nxc4 Nb6 13. Bxe7 Qxe7 14. O-O Nxc4
15. Qxc4 O-O 16. b4 Rfd8 17. a4 Rd5 18. b5 Rad8 19. bxc6 Nxd4 20. Nxd4 Rxd4 21.
Qe2 g6 22. cxb7 Qxb7 23. Rfd1 Qd5 24. Re1 Qa5 25. Qb5 Qxb5 26. axb5 Rb4 1/2-1/2

[Event "Liga Madrileña - DH 2018-2019"]
[Site "Madrid ESP"]
[Date "2018.12.02"]
[Round "3.2"]
[White "Bustos Bernardo, Samuel"]
[Black "Ovejero, Juan Manuel"]
[Result "1/2-1/2"]
[WhiteElo "2151"]
[BlackElo "2242"]
[PlyCount "93"]
[EventDate "2018.11.18"]
[EventType "team-tourn"]
[EventRounds "14"]
[EventCountry "ESP"]
[SourceTitle "Ajedrez en Madrid"]
[Source "lmi"]
[SourceDate "2018.11.18"]
[SourceVersion "1"]
[SourceVersionDate "2019.04.02"]
[SourceQuality "1"]
[WhiteTeam "San Fernando de Henares"]
[BlackTeam "San Sebastian de los Reyes"]
[WhiteTeamCountry "ESP"]
[BlackTeamCountry "ESP"]

1. d4 Nf6 2. c4 e6 3. Nf3 b6 4. g3 Ba6 5. b3 Bb4+ 6. Bd2 Be7 7. Bg2 c6 8. Bc3
O-O 9. O-O d5 10. Ne5 Nfd7 11. Nxd7 Nxd7 12. Nd2 Rc8 13. e4 c5 14. exd5 exd5
15. dxc5 dxc4 16. c6 Nf6 17. Re1 Bb5 18. Nxc4 Bxc6 19. Qxd8 Bxd8 20. Nd6 Rc7
21. Bxf6 gxf6 22. Rac1 Bxg2 23. Kxg2 Rxc1 24. Rxc1 Be7 25. Nf5 Bc5 26. Rd1 Re8
27. Kf3 h5 28. Rd7 a5 29. h3 Kh7 30. Nd6 Re5 31. Ne4 Kg6 32. Nxc5 Rxc5 33. Rd6
Rc2 34. Rxb6 Rxa2 35. b4 axb4 36. Rxb4 Ra5 37. Ke3 Ra3+ 38. Kf4 Ra5 39. f3 Re5
40. Rb8 Kg7 41. h4 Ra5 42. Rb4 Ra1 43. g4 Ra5 44. Rc4 Rb5 45. Re4 Ra5 46. Kg3
f5 47. Rb4 1/2-1/2

[Event "Liga Madrileña - DH 2018-2019"]
[Site "Madrid ESP"]
[Date "2018.12.02"]
[Round "3.3"]
[White "Quevedo Marin, Manuel"]
[Black "De la Orden Alcocer, Alejandro"]
[Result "1-0"]
[WhiteElo "2199"]
[BlackElo "1980"]
[PlyCount "85"]
[EventDate "2018.11.18"]
[EventType "team-tourn"]
[EventRounds "14"]
[EventCountry "ESP"]
[SourceTitle "Ajedrez en Madrid"]
[Source "lmi"]
[SourceDate "2018.11.18"]
[SourceVersion "1"]
[SourceVersionDate "2019.04.02"]
[SourceQuality "1"]
[WhiteTeam "San Sebastian de los Reyes"]
[BlackTeam "San Fernando de Henares"]
[WhiteTeamCountry "ESP"]
[BlackTeamCountry "ESP"]

1. e4 g6 2. d4 c6 3. Nc3 d5 4. Nf3 Bg7 5. h3 dxe4 6. Nxe4 Nf6 7. Bd3 O-O 8. O-O
Nxe4 9. Bxe4 Be6 10. Re1 Bd5 11. Qe2 Bxe4 12. Qxe4 e6 13. Bg5 Qd5 14. Qh4 Nd7
15. Bh6 Rfe8 16. Bxg7 Kxg7 17. Ne5 Nxe5 18. dxe5 Qd8 19. Qf4 Qe7 20. Rad1 Red8
21. Rd6 Rxd6 22. exd6 Qd7 23. Qe5+ Kg8 24. c4 Rb8 25. c5 b6 26. b4 bxc5 27.
bxc5 Rb5 28. a4 Rb4 29. Qf6 Rb8 30. Rd1 Rb7 31. Rd4 Rb8 32. Kh2 a5 33. Qe7 Rb7
34. Qxd7 Rxd7 35. Rd2 e5 36. Rb2 f5 37. Rb6 Kf7 38. Rxc6 e4 39. Ra6 f4 40. c6
Rxd6 41. c7 Rxa6 42. c8=Q Re6 43. Qc7+ 1-0

[Event "Liga Madrileña - DH 2018-2019"]
[Site "Madrid ESP"]
[Date "2018.12.02"]
[Round "3.5"]
[White "Alfaya Marcelo, Roberto"]
[Black "Rodriguez Lopez, Ruben"]
[Result "1-0"]
[WhiteElo "2166"]
[BlackElo "1855"]
[PlyCount "89"]
[EventDate "2018.11.18"]
[EventType "team-tourn"]
[EventRounds "14"]
[EventCountry "ESP"]
[SourceTitle "Ajedrez en Madrid"]
[Source "lmi"]
[SourceDate "2018.11.18"]
[SourceVersion "1"]
[SourceVersionDate "2019.04.02"]
[SourceQuality "1"]
[WhiteTeam "San Sebastian de los Reyes"]
[BlackTeam "San Fernando de Henares"]
[WhiteTeamCountry "ESP"]
[BlackTeamCountry "ESP"]

1. e4 e5 2. Nf3 Nf6 3. Nc3 Bb4 4. Bc4 O-O 5. O-O Nc6 6. d3 d6 7. a3 Bxc3 8.
bxc3 Bg4 9. h3 Bh5 10. Rb1 Rb8 11. Bg5 h6 12. Bd2 Kh8 13. Re1 g5 14. Qe2 Rg8
15. Qe3 Rg7 16. g4 Bg6 17. Bb5 h5 18. Nh2 hxg4 19. hxg4 Qd7 20. Bxc6 Qxc6 21.
Qxa7 Rgg8 22. Qe3 Nh7 23. c4 Ra8 24. Rb3 Ra4 25. Reb1 b6 26. Nf1 Rga8 27. Bc1
Qd7 28. f3 Kg7 29. Ng3 Rh8 30. Kg2 Qe8 31. Bb2 f6 32. Rh1 Nf8 33. Rxh8 Kxh8 34.
Rb4 Ra5 35. Qc1 Ne6 36. Bc3 Qa8 37. Bb2 Kg7 38. Qh1 Qe8 39. Kf2 Ra8 40. Nf5+
Bxf5 41. gxf5 Nf4 42. Bc1 Nh5 43. Rb1 Kh6 44. Bb2 Qa4 45. Qxh5+ 1-0

[Event "Liga Madrileña - DH 2018-2019"]
[Site "Madrid ESP"]
[Date "2018.12.02"]
[Round "3.6"]
[White "Haro Casas, Emilio"]
[Black "Hernandez Ramos, David"]
[Result "0-1"]
[WhiteElo "1819"]
[BlackElo "2078"]
[PlyCount "94"]
[EventDate "2018.11.18"]
[EventType "team-tourn"]
[EventRounds "14"]
[EventCountry "ESP"]
[SourceTitle "Ajedrez en Madrid"]
[Source "lmi"]
[SourceDate "2018.11.18"]
[SourceVersion "1"]
[SourceVersionDate "2019.04.02"]
[SourceQuality "1"]
[WhiteTeam "San Fernando de Henares"]
[BlackTeam "San Sebastian de los Reyes"]
[WhiteTeamCountry "ESP"]
[BlackTeamCountry "ESP"]

1. e4 e6 2. d4 d5 3. e5 c5 4. Nf3 cxd4 5. Bd3 Nc6 6. Nbd2 Nge7 7. Nb3 Ng6 8.
Bxg6 hxg6 9. O-O Qc7 10. Nbxd4 Nxe5 11. Bf4 Nxf3+ 12. Qxf3 Qb6 13. Nb3 Bd6 14.
Rfe1 Bd7 15. h3 Bxf4 16. Qxf4 Rc8 17. c3 O-O 18. Re2 Bb5 19. Rd2 Rc4 20. Qg3
Qc7 21. Qe3 b6 22. Nd4 Ba6 23. Nf3 Rc8 24. Qg5 b5 25. Rad1 b4 26. cxb4 Rxb4 27.
h4 Qf4 28. Qxf4 Rxf4 29. Rd4 Rxd4 30. Rxd4 Rc4 31. Rxc4 Bxc4 32. b3 Bb5 33. Nd4
Bd7 34. b4 Kf8 35. Kf1 Ke7 36. Ke2 e5 37. Nb3 Bb5+ 38. Kd2 Kf6 39. Nc5 Bc4 40.
a4 Ke7 41. Kc3 Bf1 42. g3 Kd6 43. Nb7+ Kc7 44. Nc5 Bh3 45. Nd3 f6 46. Nc5 Kb6
47. Nb3 Bd7 0-1

[Event "Liga Madrileña - DH 2018-2019"]
[Site "Madrid ESP"]
[Date "2018.12.15"]
[Round "4.1"]
[White "Moreno Trujillo, Alejandro"]
[Black "Vazquez Igarza, Renier"]
[Result "1/2-1/2"]
[WhiteElo "2516"]
[BlackElo "2570"]
[PlyCount "34"]
[EventDate "2018.11.18"]
[EventType "team-tourn"]
[EventRounds "14"]
[EventCountry "ESP"]
[SourceTitle "Ajedrez en Madrid"]
[Source "lmi"]
[SourceDate "2018.11.18"]
[SourceVersion "1"]
[SourceVersionDate "2019.04.02"]
[SourceQuality "1"]
[WhiteTeam "64 Villalba"]
[BlackTeam "Collado Villalba"]
[WhiteTeamCountry "ESP"]
[BlackTeamCountry "ESP"]

1. Nf3 Nf6 2. c4 b6 3. g3 Bb7 4. Bg2 c5 5. Nc3 g6 6. O-O Bg7 7. d4 cxd4 8. Nxd4
Bxg2 9. Kxg2 O-O 10. e4 Qc7 11. Qd3 Nc6 12. Nxc6 dxc6 13. Qe2 Nd7 14. Bf4 Ne5
15. Rad1 Rfd8 16. Bc1 Rxd1 17. Rxd1 Rd8 1/2-1/2

[Event "Liga Madrileña - DH 2018-2019"]
[Site "Madrid ESP"]
[Date "2018.12.15"]
[Round "4.2"]
[White "Gascon del Nogal, Jose Rafael"]
[Black "Pulvett Marin, Daniel Eduardo"]
[Result "1/2-1/2"]
[WhiteElo "2484"]
[BlackElo "2465"]
[PlyCount "41"]
[EventDate "2018.11.18"]
[EventType "team-tourn"]
[EventRounds "14"]
[EventCountry "ESP"]
[SourceTitle "Ajedrez en Madrid"]
[Source "lmi"]
[SourceDate "2018.11.18"]
[SourceVersion "1"]
[SourceVersionDate "2019.04.02"]
[SourceQuality "1"]
[WhiteTeam "Collado Villalba"]
[BlackTeam "64 Villalba"]
[WhiteTeamCountry "ESP"]
[BlackTeamCountry "ESP"]

1. d4 e6 2. e4 d5 3. Bd3 dxe4 4. Bxe4 Nf6 5. Bf3 Nbd7 6. Nc3 Be7 7. Bf4 O-O 8.
Nge2 Bd6 9. Bg5 h6 10. Be3 e5 11. d5 Nb6 12. Qd3 Ng4 13. Bxg4 Bxg4 14. f3 Bh5
15. O-O-O Bg6 16. Qb5 f5 17. h4 f4 18. Bf2 Qe8 19. Qxe8 Raxe8 20. h5 Bh7 21.
Ne4 1/2-1/2

[Event "Liga Madrileña - DH 2018-2019"]
[Site "Madrid ESP"]
[Date "2018.12.15"]
[Round "4.3"]
[White "Longa Yauca, Javier"]
[Black "Suarez Uriel, Adrian"]
[Result "0-1"]
[WhiteElo "2257"]
[BlackElo "2386"]
[PlyCount "68"]
[EventDate "2018.11.18"]
[EventType "team-tourn"]
[EventRounds "14"]
[EventCountry "ESP"]
[SourceTitle "Ajedrez en Madrid"]
[Source "lmi"]
[SourceDate "2018.11.18"]
[SourceVersion "1"]
[SourceVersionDate "2019.04.02"]
[SourceQuality "1"]
[WhiteTeam "64 Villalba"]
[BlackTeam "Collado Villalba"]
[WhiteTeamCountry "ESP"]
[BlackTeamCountry "ESP"]

1. d4 Nf6 2. Nf3 g6 3. c4 Bg7 4. Nc3 d5 5. cxd5 Nxd5 6. e3 O-O 7. Qb3 Nb6 8.
Bd2 Be6 9. Qc2 Nc6 10. Nd1 a5 11. Be2 Nb4 12. Bxb4 axb4 13. b3 Ra3 14. Nd2 Bf5
15. Qc1 e5 16. e4 exd4 17. Bd3 Qg5 18. g3 Qe7 19. O-O Bh3 20. Re1 Rfa8 21. Qc2
R3a5 22. f4 Rc5 23. Qb1 Nd5 24. Nf2 Bd7 25. a4 Rca5 26. Nc4 R5a7 27. e5 Qc5 28.
Kf1 Be6 29. Nd2 Nb6 30. Bc4 Nxa4 31. Rxa4 Bxc4+ 32. Nxc4 Rxa4 33. bxa4 Qxc4+
34. Re2 Rxa4 0-1